| 000 | 01151nam2a22002411 4500 | ||
|---|---|---|---|
| 001 | v19\rc\1592497 | ||
| 005 | 20250618214738.0 | ||
| 035 | _a(NLR Aleph) 004716728 | ||
| 090 |
_a4275803 _c4275803 |
||
| 100 | _a20061002d1895 |||y0rusy50 ca | ||
| 101 | 0 | _arus | |
| 102 | _aRU | ||
| 105 | _ay z ||||| | ||
| 200 | 0 | _a... 19 окт. 1886 г. - 18 дек. 1895 г. | |
| 210 |
_d1895 _aБ. м. |
||
| 215 | _a23 с. | ||
| 461 | 0 |
_1001v19\rc\1592496 _12001#$aКраткий отчет о деятельности Братства св. прав. Симеона, верхот. чудотворца...$v... 19 окт. 1886 г. - 18 дек. 1895 г. _94275794 _aЕкатеринбургское братство св. Симеона, Верхотурского чудотворца _cЕкатеринбург _d1895 _tКраткий отчет о деятельности Братства св. прав. Симеона, верхот. чудотворца... _v... 19 окт. 1886 г. - 18 дек. 1895 г. |
|
| 801 | 0 |
_aRU _bNLR _gpsbo |
|
| 801 | 0 |
_aRU _bRuMoRGB _2psbo |
|
| 801 | 1 |
_aRU _bProSoft-M _2rusmarc |
|
| 852 |
_aNLR _j20.102.1.112 |
||
| 942 | _cBOOK | ||
| 980 | _aNB | ||